01095nam a2200157Ia 4500003000900000005001700009008004100026040003100067040001300098041000800111100003600119245003500155260003800190300001800228520069100246IT-RoPAU20220918175839.0120407s9999 xx 000 0 und d aIT-RoPAUc20140509153524.0 cIT-RoPAU aita aPie Discepole del Divin Maestro aCostituzioni e Direttorio 1985 c1985aRomabCasa Generalizia PDDM a339 p.c17 cm aIndice generale Presentazione Costituzioni Decreto Fonti e Sigle Indice per articolo I. Vocazione e missione della Pia Discepola II. Vita consacrata III. Vita fraterna in comunità€ IV. Vita apostolica V. Ammissione delle candidate e formazione dei membri VI. Governo VII. Amministrazione dei beni temporali VIII. Separazione dei membri dall'Istituto IX. Le Costituzioni Direttorio Fonti e Sigle Indice per articoli I. Vocazione e missione della Pia Discepola II. Vita consacrata III. Vita fraterna in comunità€ IV. Vita apostolica V. Ammissione delle candidate e formazione dei membri VI. Governo della Congregazione VII. Amministrazione dei beni temporali VIII. Le Costituzioni